MDQL
is popping MORE tags! Check the
thread
!
Quizzes
Events
Quiz Creation
Community
Videos
Private Events
Remove Ads
Sign In
Join for FREE
Feedback
Dark Mode
Quiz Categories
Sports
Geography
Music
Movies
Television
Just For Fun
Miscellaneous
History
Literature
Language
Science
Gaming
Entertainment
Religion
Holiday
For Kids
Quiz Lab
Recent
Popular Today
Quiz Kudos Today
Editor Picks
Curator Picks
Quizzes by...
Day
Popularity
Type
Ratings
Length
Year
Community
Subscriptions
Recent Discussions
Orange Saloon
Badges
Playlists
Quests
Create
Leaderboards
Showdown
Live 5
Trivia Bingo
Activity
Puzzle Library
Sporcle Events
Private Events
Virtual Trivia
Globe League
Become a Host
Pub Owners
SporcleCon
Opinionation
Our Games
Videos
Blog
Mobile Apps
Partnerships
Remove Ads and Go Orange
Feedback
Music
Pop Music
The Beatles
Song
Album
Lyrics
Bands
Singers
Artist
Clip
Rock
Rap
Classical
Billboard
Country Music
Kpop
Taylor Swift
Music
Pop Music
The Beatles
Song
Album
Lyrics
Bands
Singers
Artist
Clip
Rock
Rap
Classical
Billboard
Country Music
Kpop
Taylor Swift
Random Quiz
Search Sporcle
×
Quiz Lab
Quiz Lab
Music
Disney
Type in answers that appear in a list
Type in answers that appear in a list
Classic
Best Score? Go Orange.
After Ever After Lyrics - Part I Stats
Can you name the lyrics to Jon Cozart (Paint)'s After Ever After
By
mythicalbeast
8m
193 Questions
1,245 Plays
1,245 Plays
1,245 Plays
Comments
Comments
Give Quiz Kudos
Give Quiz Kudos
-
- Ratings
hide this ad
Replay
Link that replays current quiz
Next Quiz
Link to next quiz in quiz playlist
You Got
0%
They Got
Avg Score
80%
Avg Friend Score
Upgrade to see
Score Distribution
Jump to the score distribution portion of the page
Score
0/193
Timer
08:00
0
Plays Today
Answer
% Correct
you
97%
you
97%
ever
95%
the
94.1%
and
94.1%
The
94.1%
the
94.1%
a
94.1%
the
94.1%
the
94.1%
the
94.1%
the
94.1%
the
94.1%
and
94.1%
a
94.1%
why
93.9%
in
93.3%
in
93.3%
in
93.3%
In
93.3%
in
93.3%
in
93.3%
wondered
93.2%
If
92.7%
you've
92.4%
all
92.4%
all
92.4%
all
92.4%
You've
92.4%
all
92.4%
end
91.6%
end
91.6%
he
91.4%
after
91.1%
what
90.7%
lies
90.7%
dreams
90.1%
came
90.1%
true
90%
tales
89.9%
Here's
89.6%
their
89.4%
be?
89%
happened
88.5%
Prince
88.2%
Prince
88.2%
are
87.2%
are
87.2%
are
87.2%
ocean
86.6%
But
86%
but
86%
my
85.9%
my
85.9%
My
85.9%
my
85.9%
BP
85.7%
BP
85.7%
BP (You suck!)
85.7%
to
85.6%
to
85.6%
up
85.5%
Thank
85.5%
Thank
85.5%
up
85.5%
Answer
% Correct
They
85.4%
So
85.4%
this
84.9%
this
84.9%
no
84.4%
going
84.2%
missing
84.2%
someone's
83.9%
down
83.7%
blue
83.6%
mermaids
83.6%
princess
83.2%
oil
83%
Oil
83%
stew
82.3%
being
82%
I'm
82%
I'm
82%
I'm
82%
is
81.9%
can
81.8%
on
81.5%
on
81.5%
put
81.1%
killing
81.1%
killing
81.1%
put
81.1%
beautiful
81%
drowning
80.7%
Drowning
80.7%
spills
80.1%
else's
79.9%
Now
79.9%
see (MY EYES)
79.8%
with
79.7%
can't
79.5%
friends
79.5%
fishing
79.2%
I
79.1%
loved
79.1%
I
79.1%
I
79.1%
somebody
78.8%
spilling
78.7%
yourself
78.6%
try
78.6%
scared
78.2%
Ali,
77.9%
Ali
77.9%
just
77.8%
not
77.8%
not
77.8%
not
77.8%
okay
77.8%
ecosystem
77.7%
Hey,
77.7%
whale
77.5%
where
77.2%
got
76.9%
You're
76.8%
Thanks
76.8%
was
76.8%
was
76.8%
man!
76.7%
taken
76.6%
Answer
% Correct
taken
76.6%
Japanese
76.6%
We're
76.4%
We're
76.4%
We're
76.4%
war
76.2%
slightly
76.1%
wrong
76.1%
think
76.1%
husband's
75.9%
CIA
75.8%
gills
75.7%
by
75.6%
terror
75%
killed
74.9%
fins
74.7%
Aladdin
73.8%
for
73.7%
for
73.7%
for
73.7%
Flounder's
73.5%
could
73.2%
of
73.1%
free
73.1%
free
73.1%
into
72.8%
feast
72%
Oceans
72%
Bay
71.4%
at
71.4%
browning
71.2%
nation
70.4%
mark
69.6%
Taliban
69.6%
Disney's
69.2%
crazy
69.1%
crazy
69.1%
British
68.9%
wawa
68.7%
fall
68.4%
trained
68.4%
Plus
68.2%
pilots
67.2%
Bin
67%
Obama's
67%
lazy
66.7%
Bush
66.6%
from
66%
Chinamen
65.2%
country
64.7%
Set
64.5%
Interrogation
63.4%
genie
60.4%
us
60.4%
Laden's
59.9%
one
59.5%
fuss
58.3%
Guantanamo
58%
freedom,
56.9%
Jafar
55.6%
went
54.6%
vouch
54.4%
al-Qaeda's
31.3%
Quiz Playlist
Details
Report
Send in Message
Add To Playlist
Classic:
Type in answers that appear in a list
Last Updated: Apr 22, 2017
Quiz Scoreboard
CHALLENGE
Sign Up to Join the Scoreboard
Show All
Scores
Hide
Comments
May contain spoilers
Recently Published
Find the 'City' Movie
by crazypaving
Movies
60s
5x2 Blitz: Bands
by SL_Kpop136
Music
30s
Colored Red Africa Blitz
by spor1
Geography
30s
More to Explore
Quiz From the Vault
Featured Blog Post
14 Easter Pick-up Lines to Find Eggs With
hide this ad
You Might Also Like...
Tags
Disney Quiz
Lyrics Quiz
Classic Disney
Disney Films
Disney Lyrics
Disney Princess
Disney Songs
Disney World
paint
Today's Top Quizzes in Music
Browse Music
hide this ad
Today's Top Quizzes in Disney
Browse Disney
Top Contributed Quizzes in Music
1
5X2 Blitz: Bands II
2
5X2 Blitz: The Beatles
3
Taylor Swift All Songs (2024)
4
5X2 Blitz: Billboard
5
Taylor Swift Logic Puzzle II
6
5X2 Blitz: Billboard II
7
5X2 Blitz: Singers
8
5X2 Blitz: Album
9
5X2 Blitz: Rock
10
5X2 Blitz: Lyrics
Explore More
Trending Topics
NBA
Kpop
Harry Potter
Marvel
Crossword
Anime
Disney
Puzzle
The Office
Song
Soccer
Pokémon
Country
WWE
NFL
hide this ad
More By:
mythicalbeast
Quiz
Plays
Rating
Category
Featured
Created
Rhett and Link OCD song - finish the lyrics
1,267
4.22
Entertainment
Sep 21, 2014
After Ever After Lyrics - Part I
1,245
4.71
Music
Oct 14, 2014
TF2 Stock Weapons
1,198
4.50
Gaming
Nov 4, 2014
Rhett Or Link?
1,158
5.00
Entertainment
Sep 21, 2014
After Ever After Lyrics - Part II
816
5.00
Music
Oct 14, 2014
Go to Creator's Profile
Score Distribution
Quiz Creator Spotlight
mythicalbeast
Follow
Send a Message
Quizzes Created
-
Created Quiz Play Count
-
More By This Creator
Popular Quizzes Today
1
Colored Red Africa Blitz
2
Find the 'City' Movie
3
Find the US States - No Outlines Minefield
4
5x2 Blitz: Bands
5
The Countries of the World
6
Find the US States
7
US States
8
Find the Countries of Europe - No Outlines Minefield
More Music Quizzes
Best Songs of the 2010s (Sporcle's Choice)
Published
Trending Quizzes
Colored Red Europe Blitz I
Colored Red Africa Blitz II
Colored Red Europe Blitz II
Colored Red Europe Blitz III
Colored Red Africa Blitz III
Recently Updated
How Do You Spell That?
pecheneg
Godzilla Movies
pecheneg
Grab Bag: 4-10 Letters
pecheneg
2024 March Madness Bracket
pecheneg
Famous TV Couples
Peacemaker
Champions League XIs: Real Madrid
pecheneg
Largest US Cities 1790-2010
pecheneg
Rides in Walt Disney World
pecheneg
Most Oscar Losses (Acting)
pecheneg
Beyoncé Albums
pecheneg
Trending Topics
Disney
Anime
Marvel
Kpop
Harry Potter
Crossword
NBA
Pokémon
Soccer
NFL
The Office
Song
Puzzle
Country
WWE
Your Account Isn't Verified!
In order to create a playlist on Sporcle, you need to verify the email address you used during registration. Go to your
Sporcle Settings
to finish the process.
Report this User
Report this user for behavior that violates our
Community Guidelines
.
Details:
Send Report
Go to the Sporcle.com Mobile Site →
Comments